Kuvavisa: Aasian suurimmat C:llä alkavat kaupungit - Statistics

Yleistilastot
  • Tätä visaa on pelattu 18 kertaa
  • Keskiarvotulos 6 / 16
Vastaustilastot
Kuvavisa Hint Vastaus % Oikein
🇮🇳 8 650 000 Chennai
100%
🇧🇩 2 580 000 Chattogram
79%
🇨🇳 13 570 000 Chéngdū
79%
🇨🇳 9 580 000 Chóngqìng
79%
🇨🇳 5 630 000 Chángshā
71%
🇵🇭 2 570 000 Cebu
64%
🇨🇳 4 560 000 Chángchūn
29%
🇮🇳 2 140 000 Coimbatore
29%
🇨🇳 1 100 000 Chángdé
21%
🇨🇳 1 090 000 Chìfēng
21%
🇨🇳 3 190 000 Chángzhōu
14%
🇨🇳 1 460 000 Cíxī
14%
🇮🇳 1 030 000 Chandīgarh
7%
🇨🇳 1 230 000 Chángshú
0%
🇨🇳 1 050 000 Chángzhì
0%
🇨🇳 1 250 000 Cháozhōu
0%
Ehtoja vastaavia visoja ei löytynyt
Tulosjakauma
Jokaisen tuloksen saaneiden osuus
Persentiili vastausten määrän mukaan
Tuloshistoriasi
Et ole pelannut tätä visaa